00317nam a2200121Ia 4500003000500000005001700005008004100022020001500063100002800078245003100106260004100137300001700178SISC20180213134131.0180205s9999 xx 000 0 und d a9711011085 aSantamaria, Josefina D. aManaging work and Career / aQuezon CitybNew day publisherc2003 aiv, 88 pages